MARC

LEADER 00000nam0a2200000 4500
001 277565
005 20231101235028.0
035 |a (RuTPU)RU\TPU\book\300841 
090 |a 277565 
100 |a 20141204d1985 k y0rusy5003 ca 
101 0 |a rus 
102 |a RU 
105 |a a z 001zy 
200 1 |a Конструирование научных космических приборов  |f Академия наук СССР (АН СССР), Институт космических исследований (ИКИ) ; под ред. Т. И. Курманалиева 
210 |a Москва  |c Наука  |d 1985 
215 |a 143 с.  |c ил. 
320 |a Библиогр. в конце ст. 
606 1 |a Космические аппараты  |2 stltpush  |3 (RuTPU)RU\TPU\subj\15787  |9 41997 
610 1 |a космические летательные аппараты 
610 1 |a оборудование 
610 1 |a конструкция 
610 1 |a расчет 
610 1 |a научные исследования 
610 1 |a схемотехника 
610 1 |a измерение 
610 1 |a контроль 
610 1 |a программное обеспечение 
675 |a 629.782  |z rus  |v 4 
702 1 |a Курманалиев  |b Т. И.  |4 340 
712 0 2 |a Академия наук СССР (АН СССР)  |b Институт космических исследований (ИКИ)  |c (Москва)  |2 stltpush  |3 (RuTPU)RU\TPU\col\15342 
801 0 |a RU  |b RuMRKP  |c 19950704  |g psbo 
801 1 |a RU  |b 63413507  |c 20141204 
801 2 |a RU  |b 63413507  |c 20170406  |g RCR 
942 |c BK